| 000 | 00458nam a2200145 i 4500 | ||
|---|---|---|---|
| 001 | 189062 | ||
| 003 | ES-MaACL | ||
| 005 | 20230906223352.0 | ||
| 008 | 190326q20002019sp |||| | spa d | ||
| 245 | 0 | 4 |
_aLos símbolos del estado español _b: la bandera, el escudo, el himno. |
| 260 |
_aMadrid : _bMinisterio de Defensa, _c[20-?] |
||
| 300 |
_a[12] p. : _bil. ; _c21 cm. |
||
| 650 | 4 |
_aEmblemas nacionales- _zEspaña. _9166699 |
|
| 852 |
_aES-MaACL _j2339-F-6 |
||
| 999 |
_c189062 _d189062 |
||